Sports Quiz

Random Sports or Football Quiz

FWA Footballer of the Year Quiz Stats

Quiz not verified by Sporcle

Challenge
Share
Tweet
Embed
Score 0/63 Timer 10:00
0 Plays Today
Year Player % Correct
2002-2003Thierry Henry
99.3%
2003-2004Thierry Henry
99.3%
2005-2006Thierry Henry
99.3%
2006-2007Cristiano Ronaldo
98%
2007-2008Cristiano Ronaldo
98%
2008-2009Steven Gerrard
96.3%
1997-98Dennis Bergkamp
96.1%
1999-2000Roy Keane
95.8%
1993-94Alan Shearer
94.4%
1995-96Eric Cantona
93.4%
1996-97Gianfranco Zola
92.4%
1994-95Jürgen Klinsmann
92.2%
2004-2005Frank Lampard
91.9%
1998-99David Ginola
88.5%
1978-79Kenny Dalglish
86.8%
1982-83Kenny Dalglish
86.8%
1947-48Stanley Matthews
85.8%
1962-63Stanley Matthews
85.8%
1965-66Bobby Charlton
85%
1967-68George Best
85%
1966-67Jack Charlton
84.8%
1983-84Ian Rush
84.1%
1985-86Gary Lineker
77.2%
1991-92Gary Lineker
77.2%
1975-76Kevin Keegan
76.2%
1963-64Bobby Moore
74%
1987-88John Barnes
74%
1989-90John Barnes
74%
2000-2001Teddy Sheringham
69.6%
1969-70Billy Bremner
67.9%
1992-93Chris Waddle
67.4%
1984-85Neville Southall
66.9%
Year Player % Correct
1990-91Gordon Strachan
66.2%
1953–54 Tom Finney
60%
1956–57Tom Finney
60%
1976-77Emlyn Hughes
56.1%
1951–52 Billy Wright
54.2%
1955–56Bert Trautmann
50.5%
1971-72Gordon Banks
49.5%
1986-87Clive Allen
49.5%
1952–53Nat Lofthouse
47.1%
1979-80Terry McDermott
47.1%
1988-89Steve Nicol
46.6%
1957–58Danny Blanchflower
46.1%
1960-61Danny Blanchflower
46.1%
1968-69 (Joint)Dave Mackay
42.4%
1972-73Pat Jennings
38.2%
1970-71Frank McLintock
35.8%
1977-78Kenny Burns
33.6%
1958-59Syd Owen
32.6%
1981-82Steve Perryman
32.6%
1974-75Alan Mullery
31.4%
1980-81Frans Thijssen
29.2%
1968-69 (Joint)Tony Book
28.2%
1948-49Johnny Carey
25.5%
1973-74Ian Callaghan
25.2%
1954–55Don Revie
24%
1964-65Bobby Collins
21.6%
1949-50Joe Mercer
17.2%
1961-62Jimmy Adamson
10%
1950–51Harry Johnston
5.9%
2001-2002Robert Pirès
5.1%
1959-60Bill Slater
4.9%

You're not logged in!

Compare scores with friends on all Sporcle quizzes.
Join for Free
OR
Log In

You Might Also Like...

Show Comments

Extras

Top Quizzes Today


Score Distribution

Your Account Isn't Verified!

In order to create a playlist on Sporcle, you need to verify the email address you used during registration. Go to your Sporcle Settings to finish the process.

Report this User

Report this user for behavior that violates our Community Guidelines.

Details: